000 00585nam a22002057a 4500
003 BUBTL
008 220816b ||||| |||| 00| 0 eng d
020 _a9789893319567
082 _a954.92/ C3495b/ 2011
100 _94614
_aChakroborty, Ratan Lal
245 _aThe Black August of 1975 /
_c Ratan Lal Chakroborty
250 _a1st Edn.
260 _aDhaka
_bThe Universal Academy
_cc2011
300 _a712 p.:
_bill.;
_c22 cm
500 _aIncludes Index
650 0 _94372
_aBangabandhu
856 _k0
_l0
_yDownload
942 _2ddc
_cBK
999 _c6728
_d6728